000 00541nam a2200193Ia 4500
005 20250923145245.0
008 008 250917s9999 xx 000 0 eng d
037 _aTextual
040 _aDSWL
_beng
_cDSWL
041 _aeng
_2eng
084 _aS1:7x, N57
_qDSWL
245 0 _aConcept of development
_cEd.by Dale Harris
260 _aMinneapolies
_bUniversity of Minnesota Press
_c1957
300 _axii,81p.
365 _aUSD
_b2.75
925 _g2.75
942 _cTEXL
_hS1:7x, N57
999 _c1449051
_d1449051